Baroda's experiment in urban decentralization: a study of some administrative aspects (Record no. 409385)

000 -LEADER
fixed length control field 00496cam a22001337a 4500
008 - FIXED-LENGTH DATA ELEMENTS--GENERAL INFORMATION
fixed length control field 180718b1977 xxu||||| |||| 00| 0 eng d
082 ## - DEWEY DECIMAL CLASSIFICATION NUMBER
Classification number I5131x5441 B469
100 ## - MAIN ENTRY--PERSONAL NAME
Personal name Bhatt, Anil
245 ## - TITLE STATEMENT
Title Baroda's experiment in urban decentralization: a study of some administrative aspects
Statement of responsibility, etc. by Anil Bhatt
260 ## - PUBLICATION, DISTRIBUTION, ETC.
Place of publication, distribution, etc. Ahmedabad
Name of publisher, distributor, etc. Indian Institute of Management
Date of publication, distribution, etc. 1977
300 ## - PHYSICAL DESCRIPTION
Extent 44p.
650 ## - SUBJECT ADDED ENTRY--TOPICAL TERM
Topical term or geographic name entry element Vadodara (India) --Politics and government
650 ## - SUBJECT ADDED ENTRY--TOPICAL TERM
Topical term or geographic name entry element Decentralization in government --India --Vadodara
Holdings
Withdrawn status Lost status Damaged status Not for loan Permanent Location Current Location Date acquired Full call number Barcode Date last seen Price effective from Koha item type
        Indian Institute of Public Administration Indian Institute of Public Administration 2009-01-05 I5131x5441 B469 D1618 2018-07-21 2018-07-21 D

Powered by Koha